[Event "MMM"]
[Site "Galaxy Gesia 22a - Krakow"]
[Date "2022.06.16"]
[Round "2.9"]
[White "Rosol, Alexander"]
[Black "Van De Lisdonk, Lucien"]
[Result "1/2-1/2"]
[BlackElo "2053"]
[WhiteElo "2104"]
[LiveChessVersion "1.4.8"]

1. e4 {[%clk 1:30:57]} c6 {[%clk 1:29:56]} 2. d4 {[%clk 1:31:18]} Na6
{[%clk 1:29:56]} 3. Nc3 {[%clk 1:30:38]} Nc7 {[%clk 1:30:22]} 4. Be3
{[%clk 1:30:45]} g6 {[%clk 1:30:26]} 5. Qd2 {[%clk 1:30:40]} Bg7 {[%clk 1:30:50]}
6. h4 {[%clk 1:28:56]} h5 {[%clk 1:31:06]} 7. f3 {[%clk 1:27:35]} d5
{[%clk 1:30:13]} 8. O-O-O {[%clk 1:26:02]} Nh6 {[%clk 1:30:22]} 9. e5
{[%clk 1:15:45]} Nf5 {[%clk 1:30:15]} 10. Qf2 {[%clk 1:13:01]} Nxe3
{[%clk 1:27:10]} 11. Qxe3 {[%clk 1:13:29]} Bh6 {[%clk 1:27:27]} 12. f4
{[%clk 1:13:56]} Bg4 {[%clk 1:27:50]} 13. Be2 {[%clk 1:13:26]} Ne6
{[%clk 1:28:02]} 14. g3 {[%clk 1:13:32]} Bxe2 {[%clk 1:28:10]} 15. Ngxe2
{[%clk 1:11:14]} Qa5 {[%clk 1:28:28]} 1/2-1/2

[Event "MMM"]
[Site "Galaxy Gesia 22a - Krakow"]
[Date "2022.06.16"]
[Round "2.10"]
[White "Stam, Hans"]
[Black "Palosz, Andrzej"]
[Result "1/2-1/2"]
[BlackElo "2034"]
[WhiteElo "2094"]
[LiveChessVersion "1.4.8"]

1. e4 {[%clk 1:30:57]} c5 {[%clk 1:30:53]} 2. Nf3 {[%clk 1:31:22]} Nc6
{[%clk 1:31:01]} 3. d4 {[%clk 1:31:46]} cxd4 {[%clk 1:31:26]} 4. Nxd4
{[%clk 1:32:11]} g6 {[%clk 1:31:44]} 5. c4 {[%clk 1:32:28]} Nf6 {[%clk 1:31:55]}
6. Nc3 {[%clk 1:32:48]} d6 {[%clk 1:32:12]} 7. Be2 {[%clk 1:33:06]} Nxd4
{[%clk 1:32:33]} 8. Qxd4 {[%clk 1:33:27]} Bg7 {[%clk 1:32:55]} 9. Bg5
{[%clk 1:32:09]} O-O {[%clk 1:33:08]} 10. Qd2 {[%clk 1:32:29]} Be6
{[%clk 1:32:45]} 11. O-O {[%clk 1:31:21]} Qa5 {[%clk 1:32:46]} 12. Rac1
{[%clk 1:28:54]} Rfc8 {[%clk 1:31:28]} 13. b3 {[%clk 1:28:37]} a6
{[%clk 1:26:46]} 14. f3 {[%clk 1:16:53]} b5 {[%clk 1:21:23]} 15. Nd5
{[%clk 1:16:50]} Qxd2 {[%clk 1:21:19]} 16. Bxd2 {[%clk 1:17:11]} Nxd5
{[%clk 1:20:13]} 17. cxd5 Bd4+ {[%clk 1:19:51]} 18. Kh1 {[%clk 1:16:58]} Bd7
{[%clk 1:20:14]} 19. Rxc8+ {[%clk 1:15:06]} Rxc8 {[%clk 1:20:34]} 20. Rc1
{[%clk 1:15:29]} Rxc1+ {[%clk 1:20:26]} 21. Bxc1 {[%clk 1:15:54]} Kf8
{[%clk 1:19:28]} 22. g4 {[%clk 1:14:15]} Ke8 {[%clk 1:13:51]} 23. Kg2
{[%clk 1:14:00]} Kd8 {[%clk 1:14:01]} 24. Bg5 {[%clk 1:11:34]} f6
{[%clk 1:13:34]} 25. Bd2 {[%clk 1:11:56]} Kc7 {[%clk 1:13:18]} 26. Ba5+
{[%clk 1:10:34]} Bb6 {[%clk 1:13:20]} 27. Bc3 {[%clk 1:10:56]} Be3
{[%clk 1:13:21]} 28. Ba5+ {[%clk 1:11:11]} Bb6 {[%clk 1:13:42]} 1/2-1/2

[Event "MMM"]
[Site "Galaxy Gesia 22a - Krakow"]
[Date "2022.06.16"]
[Round "2.11"]
[White "Kulesza, Andrzej"]
[Black "Janeczko, Jakub"]
[Result "1/2-1/2"]
[BlackElo "2087"]
[WhiteElo "2024"]
[LiveChessVersion "1.4.8"]

1. e4 {[%clk 1:30:22]} c5 {[%clk 1:30:56]} 2. Nf3 {[%clk 1:30:04]} Nc6
{[%clk 1:31:22]} 3. d4 {[%clk 1:29:28]} cxd4 {[%clk 1:31:46]} 4. Nxd4
{[%clk 1:28:44]} e5 {[%clk 1:32:09]} 5. Nb5 {[%clk 1:27:48]} d6 {[%clk 1:32:36]}
6. N1c3 {[%clk 1:25:39]} a6 {[%clk 1:33:00]} 7. Na3 {[%clk 1:26:03]} Be6
{[%clk 1:33:28]} 8. Nc4 {[%clk 1:24:38]} Rb8 {[%clk 1:33:53]} 9. Nd5
{[%clk 1:22:56]} Bxd5 {[%clk 1:32:40]} 10. exd5 {[%clk 1:23:09]} Nce7
{[%clk 1:32:53]} 11. g3 {[%clk 1:13:19]} g6 {[%clk 1:28:23]} 12. Bg2
{[%clk 1:11:17]} Bg7 {[%clk 1:28:44]} 13. O-O {[%clk 1:09:26]} f5
{[%clk 1:28:29]} 14. a4 {[%clk 1:07:40]} Nf6 {[%clk 1:25:27]} 15. a5
{[%clk 1:02:46]} O-O {[%clk 1:25:49]} 16. Be3 {[%clk 0:59:04]} e4
{[%clk 1:20:47]} 17. Nb6 {[%clk 0:57:18]} Nc8 {[%clk 1:20:35]} 18. c4
{[%clk 0:50:56]} Ng4 {[%clk 1:19:41]} 19. Bd4 {[%clk 0:49:47]} Bxd4
{[%clk 1:18:54]} 20. Qxd4 {[%clk 0:50:09]} Nxb6 {[%clk 1:19:14]} 21. axb6
{[%clk 0:50:20]} Qf6 {[%clk 1:19:13]} 22. Qd2 {[%clk 0:48:02]} Ne5
{[%clk 1:13:22]} 23. Rac1 {[%clk 0:43:42]} Qd8 {[%clk 1:09:31]} 24. Qd4
{[%clk 0:42:48]} Nd7 {[%clk 1:09:40]} 25. b4 {[%clk 0:43:10]} Qxb6
{[%clk 1:07:07]} 26. c5 {[%clk 0:40:59]} Qc7 {[%clk 1:07:30]} 27. g4
{[%clk 0:40:13]} Rbc8 {[%clk 1:04:52]} 28. gxf5 {[%clk 0:37:57]} gxf5
{[%clk 1:05:19]} 29. Rc3 {[%clk 0:37:48]} Ne5 {[%clk 1:04:28]} 30. Rg3+
{[%clk 0:30:22]} Kh8 {[%clk 1:04:50]} 31. Kh1 {[%clk 0:29:40]} Qe7
{[%clk 1:03:13]} 32. f4 {[%clk 0:20:56]} exf3 {[%clk 1:03:36]} 33. Rgxf3
{[%clk 0:20:17]} Qg7 {[%clk 0:52:59]} 34. Rxf5 {[%clk 0:15:23]} Rxf5
{[%clk 0:53:19]} 35. Rxf5 {[%clk 0:15:49]} Nd7 {[%clk 0:52:40]} 36. Qf2
{[%clk 0:13:17]} Ne5 {[%clk 0:50:10]} 37. Bf1 {[%clk 0:08:05]} Ng4
{[%clk 0:46:23]} 38. Qf4 {[%clk 0:08:18]} Rg8 {[%clk 0:46:47]} 39. Rf7
{[%clk 0:04:13]} Qa1 {[%clk 0:37:01]} 40. Qf5 {[%clk 0:03:50]} Rg6
{[%clk 0:37:03]} 41. Qc8+ {[%clk 0:03:12]} Rg8 {[%clk 0:37:31]} 42. Qf5
{[%clk 0:03:37]} Rg6 {[%clk 0:37:57]} 43. Rf8+ {[%clk 0:04:04]} Kg7
{[%clk 0:38:23]} 44. Qf7+ {[%clk 0:03:49]} Kh6 {[%clk 0:38:52]} 45. Qf4+
{[%clk 0:03:33]} Kg7 {[%clk 0:39:21]} 46. Qf7+ {[%clk 0:01:59]} 1/2-1/2

[Event "MMM"]
[Site "Galaxy Gesia 22a - Krakow"]
[Date "2022.06.16"]
[Round "2.12"]
[White "Kumor, Lukasz"]
[Black "Meers, Hubert"]
[Result "1/2-1/2"]
[BlackElo "2015"]
[WhiteElo "2079"]
[LiveChessVersion "1.4.8"]

1. e4 {[%clk 1:29:32]} c6 {[%clk 1:30:56]} 2. d4 {[%clk 1:28:26]} d5
{[%clk 1:31:21]} 3. Nc3 {[%clk 1:27:34]} dxe4 {[%clk 1:31:48]} 4. Nxe4
{[%clk 1:28:02]} Bf5 {[%clk 1:32:13]} 5. Ng3 {[%clk 1:28:21]} Bg6
{[%clk 1:32:40]} 6. h4 {[%clk 1:27:23]} h6 {[%clk 1:33:07]} 7. Nf3
{[%clk 1:24:28]} Nd7 {[%clk 1:33:32]} 8. h5 {[%clk 1:24:48]} Bh7 {[%clk 1:33:58]}
9. Bd3 {[%clk 1:24:37]} Bxd3 {[%clk 1:34:23]} 10. Qxd3 {[%clk 1:25:06]} e6
{[%clk 1:34:45]} 11. Bf4 {[%clk 1:25:27]} Qa5+ {[%clk 1:35:10]} 12. Bd2
{[%clk 1:25:50]} Bb4 {[%clk 1:35:37]} 13. c3 {[%clk 1:26:02]} Be7
{[%clk 1:36:04]} 14. c4 {[%clk 1:26:09]} Qb6 {[%clk 1:36:32]} 15. O-O-O
{[%clk 1:24:33]} Ngf6 {[%clk 1:36:57]} 16. Kb1 {[%clk 1:23:54]} O-O
{[%clk 1:36:10]} 17. Ne4 {[%clk 1:15:01]} Nxe4 {[%clk 1:36:35]} 18. Qxe4
{[%clk 1:15:29]} Nf6 {[%clk 1:36:58]} 19. Qe2 {[%clk 1:15:25]} c5
{[%clk 1:35:35]} 20. Bc3 {[%clk 0:59:41]} cxd4 {[%clk 1:33:10]} 21. Rxd4
{[%clk 0:54:28]} Rfd8 {[%clk 1:18:35]} 22. Rf4 {[%clk 0:44:07]} Rac8
{[%clk 1:05:35]} 23. g4 {[%clk 0:32:20]} Nh7 {[%clk 0:46:11]} 24. b3
{[%clk 0:20:30]} Ng5 {[%clk 0:42:01]} 25. Nxg5 {[%clk 0:14:58]} Bxg5
{[%clk 0:42:22]} 26. Re4 {[%clk 0:14:53]} Qc6 {[%clk 0:38:22]} 27. Rg1
{[%clk 0:12:42]} Bd2 {[%clk 0:32:23]} 28. Bb2 {[%clk 0:12:34]} Qc5
{[%clk 0:18:25]} 29. a3 {[%clk 0:07:44]} Bg5 {[%clk 0:16:01]} 30. b4
{[%clk 0:04:17]} Qe7 {[%clk 0:16:28]} 31. Rd1 {[%clk 0:02:04]} Bf6
{[%clk 0:16:15]} 32. Rc1 {[%clk 0:00:57]} Rd7 {[%clk 0:14:41]} 33. Rc2
{[%clk 0:00:54]} Rcd8 {[%clk 0:14:00]} 34. f4 {[%clk 0:01:08]} a5
{[%clk 0:12:46]} 35. f5 {[%clk 0:00:45]} axb4 {[%clk 0:12:03]} 36. fxe6
{[%clk 0:00:55]} Rd1+ {[%clk 0:08:45]} 37. Ka2 {[%clk 0:01:06]} Bxb2
{[%clk 0:07:11]} 38. exf7+ {[%clk 0:00:54]} Qxf7 {[%clk 0:07:37]} 39. Rxb2
{[%clk 0:00:52]} bxa3 {[%clk 0:07:22]} 40. Rc2 {[%clk 0:00:40]} b5
{[%clk 0:05:42]} 41. Re7 {[%clk 0:00:46]} Qf6 {[%clk 0:05:49]} 42. Qe6+
{[%clk 0:00:39]} Qxe6 {[%clk 0:06:08]} 43. Rxe6 {[%clk 0:01:08]} b4
{[%clk 0:06:17]} 44. Rb6 {[%clk 0:00:50]} R8d2 {[%clk 0:06:34]} 45. Rxd2
{[%clk 0:00:40]} Rxd2+ {[%clk 0:07:00]} 46. Ka1 {[%clk 0:00:48]} Rb2
{[%clk 0:06:50]} 47. c5 {[%clk 0:00:40]} Rc2 {[%clk 0:04:52]} 48. c6
{[%clk 0:00:37]} Kf7 {[%clk 0:04:43]} 49. Rxb4 {[%clk 0:00:37]} Rxc6
{[%clk 0:05:09]} 50. Ra4 {[%clk 0:00:44]} Rc3 {[%clk 0:03:29]} 51. Ra7+
{[%clk 0:00:42]} Kg8 {[%clk 0:02:43]} 52. Ra8+ {[%clk 0:01:07]} Kh7
{[%clk 0:03:10]} 53. Ra4 {[%clk 0:00:54]} Rg3 {[%clk 0:03:04]} 54. Ka2
{[%clk 0:00:57]} Kg8 {[%clk 0:03:31]} 55. Rf4 {[%clk 0:00:40]} g6
{[%clk 0:02:22]} 56. Rf6 {[%clk 0:00:38]} gxh5 {[%clk 0:02:45]} 57. gxh5
{[%clk 0:00:40]} Kg7 {[%clk 0:02:39]} 58. Ra6 {[%clk 0:00:48]} Rh3
{[%clk 0:01:48]} 59. Rxa3 {[%clk 0:00:50]} Rxh5 {[%clk 0:01:44]} 60. Kb2
{[%clk 0:01:16]} Kg6 {[%clk 0:00:57]} 61. Kc2 {[%clk 0:01:36]} Kg5
{[%clk 0:00:43]} 62. Ra5+ {[%clk 0:01:22]} 1/2-1/2

[Event "MMM"]
[Site "Galaxy Gesia 22a - Krakow"]
[Date "2022.06.16"]
[Round "2.13"]
[White "Wnek, Filip"]
[Black "Oranje, Richard"]
[Result "1-0"]
[BlackElo "2066"]
[WhiteElo "2002"]
[LiveChessVersion "1.4.8"]

1. e4 {[%clk 1:30:53]} e5 {[%clk 1:31:24]} 2. Nf3 {[%clk 1:31:16]} Nc6
{[%clk 1:31:50]} 3. Bb5 {[%clk 1:31:39]} f5 {[%clk 1:31:34]} 4. d3
{[%clk 1:31:50]} fxe4 {[%clk 1:31:55]} 5. dxe4 {[%clk 1:32:14]} Nf6
{[%clk 1:32:22]} 6. Nbd2 {[%clk 1:32:33]} Bc5 {[%clk 1:27:12]} 7. O-O
{[%clk 1:32:22]} d6 {[%clk 1:25:50]} 8. c3 {[%clk 1:30:44]} O-O {[%clk 1:25:46]}
9. h3 {[%clk 1:30:51]} Kh8 {[%clk 1:25:55]} 10. Qc2 {[%clk 1:30:34]} a6
{[%clk 1:23:20]} 11. Be2 {[%clk 1:23:29]} Qe8 {[%clk 1:23:06]} 12. Nh4
{[%clk 1:14:28]} Nd8 {[%clk 1:15:22]} 13. Nb3 {[%clk 1:13:25]} Ba7
{[%clk 1:15:38]} 14. Be3 {[%clk 1:11:42]} Ne6 {[%clk 1:13:51]} 15. Kh2
{[%clk 1:08:56]} Bd7 {[%clk 1:04:11]} 16. Nd2 {[%clk 1:06:56]} Nf4
{[%clk 0:55:26]} 17. Bxf4 {[%clk 1:06:00]} exf4 {[%clk 0:55:52]} 18. Bf3
{[%clk 1:05:35]} g5 {[%clk 0:44:55]} 19. Nf5 {[%clk 1:05:18]} h5 {[%clk 0:44:56]}
20. g4 {[%clk 0:44:59]} fxg3+ {[%clk 0:29:24]} 21. fxg3 {[%clk 0:44:43]} h4
{[%clk 0:19:25]} 22. Rae1 {[%clk 0:43:12]} hxg3+ {[%clk 0:17:10]} 23. Nxg3
{[%clk 0:41:47]} Qe6 {[%clk 0:10:23]} 24. Nf5 {[%clk 0:37:06]} Qe5+
{[%clk 0:10:06]} 25. Kg2 {[%clk 0:36:20]} d5 {[%clk 0:05:58]} 26. Ng3
{[%clk 0:30:59]} Bxh3+ {[%clk 0:03:58]} 27. Kxh3 g4+ 28. Kg2 {[%clk 0:31:17]}
gxf3+ {[%clk 0:03:06]} 29. Nxf3 {[%clk 0:31:25]} Qf4 {[%clk 0:01:58]} 30. Rh1+
{[%clk 0:30:56]} Kg8 {[%clk 0:01:53]} 31. exd5 {[%clk 0:30:45]} Rf7
{[%clk 0:01:08]} 32. Rh4 {[%clk 0:30:29]} Qd6 {[%clk 0:01:00]} 33. Qg6+
{[%clk 0:28:12]} Rg7 {[%clk 0:00:37]} 34. Qxg7+ {[%clk 0:28:36]} 1-0

[Event "MMM"]
[Site "Galaxy Gesia 22a - Krakow"]
[Date "2022.06.16"]
[Round "2.14"]
[White "Praszak, Michal"]
[Black "Dziewonski, Dariusz"]
[Result "0-1"]
[BlackElo "2015"]
[WhiteElo "2062"]
[LiveChessVersion "1.4.8"]

1. d4 {[%clk 1:30:56]} d5 {[%clk 1:30:55]} 2. c4 {[%clk 1:31:04]} e6
{[%clk 1:31:22]} 3. Nf3 {[%clk 1:31:20]} Nf6 {[%clk 1:31:46]} 4. Nc3
{[%clk 1:31:40]} Be7 {[%clk 1:32:01]} 5. Bg5 {[%clk 1:32:02]} h6 {[%clk 1:32:17]}
6. Bh4 {[%clk 1:32:24]} O-O {[%clk 1:32:29]} 7. e3 {[%clk 1:32:48]} b6
{[%clk 1:32:42]} 8. Qb3 {[%clk 1:32:37]} Bb7 {[%clk 1:32:02]} 9. Bxf6
{[%clk 1:32:49]} Bxf6 {[%clk 1:29:57]} 10. cxd5 {[%clk 1:33:16]} exd5
{[%clk 1:29:14]} 11. Rd1 {[%clk 1:33:36]} c6 {[%clk 1:19:18]} 12. Bd3
{[%clk 1:34:00]} Nd7 {[%clk 1:18:15]} 13. O-O {[%clk 1:34:21]} Re8
{[%clk 1:16:39]} 14. Rfe1 {[%clk 1:34:46]} Be7 {[%clk 1:11:50]} 15. e4
{[%clk 1:34:10]} dxe4 {[%clk 1:04:48]} 16. Nxe4 {[%clk 1:34:05]} Nf6
{[%clk 1:03:34]} 17. Nxf6+ {[%clk 1:29:56]} Bxf6 {[%clk 1:03:59]} 18. Ne5
{[%clk 1:30:16]} Qc7 {[%clk 0:59:42]} 19. Nxf7 {[%clk 1:27:42]} Kf8
{[%clk 0:55:25]} 20. Bg6 {[%clk 1:20:45]} Re7 {[%clk 0:38:24]} 21. Rxe7
{[%clk 1:18:21]} Qxe7 {[%clk 0:38:01]} 22. Nd6 {[%clk 1:17:56]} Bc8
{[%clk 0:32:10]} 23. Nxc8 {[%clk 1:15:42]} Rxc8 {[%clk 0:32:36]} 24. Kf1
{[%clk 1:10:28]} Rd8 {[%clk 0:24:46]} 25. Re1 {[%clk 0:40:59]} Qd7
{[%clk 0:22:23]} 26. Re6 {[%clk 0:39:14]} Qd5 {[%clk 0:17:29]} 27. Qe3
{[%clk 0:37:38]} Qd7 {[%clk 0:16:37]} 28. Qe4 {[%clk 0:19:04]} Kg8
{[%clk 0:11:10]} 29. Qxc6 {[%clk 0:14:11]} Qxc6 {[%clk 0:10:36]} 30. Rxc6
{[%clk 0:14:38]} Bxd4 {[%clk 0:10:50]} 31. b3 {[%clk 0:14:31]} a5
{[%clk 0:09:24]} 32. f4 {[%clk 0:14:14]} Bc5 {[%clk 0:08:18]} 33. Ke2
{[%clk 0:14:13]} Kf8 {[%clk 0:07:25]} 34. Rc7 {[%clk 0:13:14]} Bd6
{[%clk 0:06:18]} 35. Rb7 {[%clk 0:12:56]} Rb8 {[%clk 0:06:17]} 36. Rd7
{[%clk 0:12:59]} Be7 {[%clk 0:06:20]} 37. Ra7 {[%clk 0:11:34]} Rd8
{[%clk 0:05:43]} 38. g4 {[%clk 0:10:49]} Rd6 {[%clk 0:05:11]} 39. Bd3
{[%clk 0:10:52]} Re6+ {[%clk 0:04:25]} 40. Kf3 {[%clk 0:11:11]} Bc5
{[%clk 0:04:26]} 41. Be4 {[%clk 0:11:37]} Re7 {[%clk 0:04:24]} 42. Ra6
{[%clk 0:11:14]} Re6 {[%clk 0:04:22]} 43. h4 {[%clk 0:11:16]} Bd4
{[%clk 0:03:41]} 44. g5 {[%clk 0:11:32]} hxg5 {[%clk 0:04:01]} 45. hxg5
{[%clk 0:11:53]} Bc5 {[%clk 0:03:29]} 46. a4 {[%clk 0:10:58]} Bg1
{[%clk 0:03:08]} 47. f5 {[%clk 0:10:32]} Re5 {[%clk 0:02:44]} 48. Kf4
{[%clk 0:09:14]} Bh2+ {[%clk 0:03:08]} 49. Ke3 {[%clk 0:09:33]} Bg1+
{[%clk 0:03:17]} 50. Kd3 {[%clk 0:09:58]} Bc5 {[%clk 0:03:02]} 51. Ra7
{[%clk 0:05:51]} Re7 {[%clk 0:03:26]} 52. Bb7 {[%clk 0:04:49]} Rd7+
{[%clk 0:02:24]} 53. Ke4 {[%clk 0:04:27]} Ke7 {[%clk 0:02:46]} 54. Ra8
{[%clk 0:03:19]} Rxb7 {[%clk 0:02:42]} 55. Ke5 {[%clk 0:02:12]} Rd7
{[%clk 0:02:33]} 56. Rg8 {[%clk 0:01:17]} Kf7 {[%clk 0:02:42]} 57. Rh8
{[%clk 0:01:32]} Re7+ {[%clk 0:02:54]} 58. Kd5 {[%clk 0:01:53]} Re3
{[%clk 0:02:43]} 59. Rb8 {[%clk 0:01:29]} Rd3+ {[%clk 0:01:39]} 60. Kc4
{[%clk 0:00:39]} Rd4+ {[%clk 0:02:05]} 61. Kb5 {[%clk 0:01:05]} Rd7
{[%clk 0:01:47]} 62. Kc6 {[%clk 0:01:03]} Re7 {[%clk 0:01:49]} 63. b4
{[%clk 0:00:56]} axb4 {[%clk 0:01:16]} 64. a5 {[%clk 0:01:24]} b3
{[%clk 0:01:41]} 65. g6+ {[%clk 0:00:48]} Kf6 {[%clk 0:02:02]} 66. a6
{[%clk 0:01:05]} b2 {[%clk 0:02:20]} 67. Rf8+ {[%clk 0:00:53]} Kg5
{[%clk 0:02:16]} 68. a7 {[%clk 0:00:51]} Rxa7 {[%clk 0:02:37]} 69. f6
{[%clk 0:00:53]} Bxf8 {[%clk 0:03:00]} 0-1

[Event "MMM"]
[Site "Galaxy Gesia 22a - Krakow"]
[Date "2022.06.16"]
[Round "2.15"]
[White "Zarebska, Lena"]
[Black "Brylski, Pawel"]
[Result "1-0"]
[BlackElo "1958"]
[WhiteElo "1829"]
[LiveChessVersion "1.4.8"]

1. e4 {[%clk 1:30:56]} c5 {[%clk 1:30:40]} 2. Nf3 {[%clk 1:31:20]} Nc6
{[%clk 1:31:07]} 3. d4 {[%clk 1:31:43]} cxd4 {[%clk 1:31:32]} 4. Nxd4
{[%clk 1:32:09]} Nf6 {[%clk 1:31:56]} 5. Nc3 {[%clk 1:32:32]} h5 {[%clk 1:32:10]}
6. Be2 {[%clk 1:29:03]} d6 {[%clk 1:30:25]} 7. Nb3 {[%clk 1:26:43]} g6
{[%clk 1:25:24]} 8. Bg5 {[%clk 1:24:24]} Bg7 {[%clk 1:25:27]} 9. Qd2
{[%clk 1:23:59]} Be6 {[%clk 1:21:43]} 10. f3 {[%clk 1:11:17]} a6 {[%clk 1:16:23]}
11. Nd5 {[%clk 1:03:37]} Bxd5 {[%clk 1:04:58]} 12. exd5 {[%clk 1:03:56]} Ne5
{[%clk 1:05:05]} 13. c4 {[%clk 0:57:06]} Rc8 {[%clk 0:56:17]} 14. Rc1
{[%clk 0:57:29]} O-O {[%clk 0:50:22]} 15. Be3 {[%clk 0:55:48]} Qd7
{[%clk 0:43:21]} 16. Nd4 {[%clk 0:51:45]} b5 {[%clk 0:31:50]} 17. b3
{[%clk 0:50:17]} bxc4 {[%clk 0:30:46]} 18. bxc4 {[%clk 0:50:42]} Qa4
{[%clk 0:28:03]} 19. Bd1 {[%clk 0:46:45]} Qa3 {[%clk 0:24:42]} 20. Bb3
{[%clk 0:38:14]} Qxc1+ {[%clk 0:20:53]} 21. Qxc1 {[%clk 0:38:03]} Nd3+
{[%clk 0:21:16]} 22. Kd2 {[%clk 0:37:26]} Nxc1 {[%clk 0:21:40]} 23. Rxc1
{[%clk 0:37:51]} Nd7 {[%clk 0:18:15]} 24. Nc6 {[%clk 0:37:53]} Bf6
{[%clk 0:18:18]} 25. g4 {[%clk 0:33:05]} hxg4 {[%clk 0:17:29]} 26. fxg4
{[%clk 0:33:26]} Ne5 {[%clk 0:16:29]} 27. Na7 {[%clk 0:32:54]} Ra8
{[%clk 0:11:05]} 28. h3 {[%clk 0:32:18]} Kg7 {[%clk 0:11:13]} 29. Nc6
{[%clk 0:23:58]} Rh8 {[%clk 0:10:00]} 30. Nxe5 {[%clk 0:22:21]} Bxe5
{[%clk 0:10:24]} 31. Rh1 {[%clk 0:22:45]} a5 {[%clk 0:10:41]} 32. Ba4
{[%clk 0:22:30]} Rh7 {[%clk 0:08:54]} 33. g5 {[%clk 0:21:52]} Rah8
{[%clk 0:08:36]} 34. Bd7 {[%clk 0:22:10]} Rh4 {[%clk 0:07:42]} 35. Kd3
{[%clk 0:22:13]} f5 {[%clk 0:04:29]} 36. gxf6+ {[%clk 0:22:37]} exf6
{[%clk 0:04:39]} 37. Rg1 {[%clk 0:21:40]} Rb8 {[%clk 0:03:30]} 38. Bf5
{[%clk 0:19:37]} g5 {[%clk 0:03:49]} 39. Rg2 {[%clk 0:18:13]} Rb1
{[%clk 0:03:40]} 40. Bg4 {[%clk 0:17:38]} Kg6 {[%clk 0:03:28]} 41. Rf2
{[%clk 0:17:51]} Rb2 {[%clk 0:02:07]} 42. Bf5+ {[%clk 0:17:54]} Kg7
{[%clk 0:02:35]} 43. Rxb2 {[%clk 0:14:26]} Bxb2 {[%clk 0:03:04]} 44. c5
{[%clk 0:14:48]} dxc5 {[%clk 0:01:57]} 45. d6 {[%clk 0:15:07]} Ba3
{[%clk 0:01:20]} 46. d7 {[%clk 0:14:21]} Rh8 {[%clk 0:01:45]} 47. Kc4
{[%clk 0:12:12]} Kf7 {[%clk 0:02:10]} 48. Bf2 {[%clk 0:10:56]} Ke7
{[%clk 0:01:45]} 49. Kd5 {[%clk 0:06:51]} Rd8 {[%clk 0:01:16]} 50. Kc6
{[%clk 0:07:15]} a4 {[%clk 0:00:51]} 51. Bg3 {[%clk 0:05:18]} c4 {[%clk 0:00:47]}
52. Bc7 {[%clk 0:04:48]} Ra8 {[%clk 0:00:40]} 53. Kb7 {[%clk 0:04:07]} Rh8
{[%clk 0:00:53]} 54. Ba5 {[%clk 0:04:10]} Bd6 {[%clk 0:00:53]} 55. Kc6
{[%clk 0:04:20]} Ba3 {[%clk 0:00:42]} 56. Kb5 {[%clk 0:03:44]} Rb8+
{[%clk 0:00:41]} 57. Kxc4 {[%clk 0:03:11]} Bd6 {[%clk 0:01:09]} 58. Bc3
{[%clk 0:02:02]} Rd8 {[%clk 0:00:51]} 59. Kd5 {[%clk 0:01:10]} Ba3
{[%clk 0:00:37]} 60. Kc6 {[%clk 0:01:29]} Ra8 {[%clk 0:00:38]} 61. Kb7
{[%clk 0:01:26]} Rd8 {[%clk 0:00:54]} 62. Kc7 {[%clk 0:01:07]} Ra8
{[%clk 0:00:45]} 63. Bd4 {[%clk 0:00:52]} Bd6+ {[%clk 0:00:51]} 64. Kc6
{[%clk 0:01:00]} Ra6+ {[%clk 0:00:42]} 65. Kb7 {[%clk 0:01:19]} 1-0

[Event "MMM"]
[Site "Galaxy Gesia 22a - Krakow"]
[Date "2022.06.16"]
[Round "2.16"]
[White "Pietrzak, Wojciech"]
[Black "Koziej, Maciej"]
[Result "0-1"]
[BlackElo "1953"]
[WhiteElo "1773"]
[LiveChessVersion "1.4.8"]

1. d4 Nf6 2. Bg5 c6 3. Nd2 {[%clk 1:31:10]} d5 {[%clk 1:28:46]} 4. e3
{[%clk 1:31:27]} Bf5 {[%clk 1:27:22]} 5. Ngf3 {[%clk 1:31:35]} Qb6
{[%clk 1:25:56]} 6. Nh4 {[%clk 1:28:39]} Be6 {[%clk 1:24:18]} 7. Bxf6
{[%clk 1:19:17]} exf6 {[%clk 1:23:51]} 8. Bd3 {[%clk 1:19:40]} Qxb2
{[%clk 1:19:39]} 9. O-O {[%clk 1:17:50]} Nd7 {[%clk 1:16:59]} 10. Qe2
{[%clk 1:13:33]} Qa3 {[%clk 1:05:25]} 11. f4 {[%clk 1:11:01]} Nb6
{[%clk 1:05:21]} 12. Rab1 {[%clk 1:09:29]} Be7 {[%clk 1:00:21]} 13. Rb3
{[%clk 1:09:48]} Qd6 {[%clk 1:00:27]} 14. f5 {[%clk 1:09:28]} Bd7
{[%clk 1:00:38]} 15. c4 {[%clk 1:08:17]} dxc4 {[%clk 0:58:33]} 16. Bxc4
{[%clk 1:06:15]} Nxc4 {[%clk 0:53:24]} 17. Nxc4 {[%clk 1:06:38]} Qd5
{[%clk 0:52:07]} 18. Rxb7 {[%clk 0:59:33]} c5 {[%clk 0:42:28]} 19. Rb3
{[%clk 0:52:24]} g5 {[%clk 0:40:51]} 20. fxg6 {[%clk 0:44:49]} hxg6
{[%clk 0:40:43]} 21. Nf3 {[%clk 0:45:07]} Qh5 {[%clk 0:35:54]} 22. Qb2
{[%clk 0:40:19]} O-O {[%clk 0:17:22]} 23. Rb7 {[%clk 0:37:35]} Rfd8
{[%clk 0:16:54]} 24. Ncd2 {[%clk 0:28:43]} cxd4 {[%clk 0:14:37]} 25. exd4
{[%clk 0:26:57]} Qd5 {[%clk 0:12:12]} 26. Re1 {[%clk 0:25:54]} Bf8
{[%clk 0:11:49]} 27. Ne4 {[%clk 0:24:01]} Bg7 {[%clk 0:11:59]} 28. Nc3
{[%clk 0:23:34]} Qf5 {[%clk 0:10:53]} 29. d5 {[%clk 0:20:15]} Qd3
{[%clk 0:08:14]} 30. Qb3 {[%clk 0:08:01]} f5 {[%clk 0:04:24]} 31. Ne2
{[%clk 0:07:12]} Qa6 {[%clk 0:04:26]} 32. Nf4 {[%clk 0:05:29]} Ba4
{[%clk 0:04:43]} 33. Qb1 {[%clk 0:04:58]} Bh6 {[%clk 0:04:06]} 34. Ne6
{[%clk 0:02:34]} fxe6 {[%clk 0:04:13]} 35. Rxe6 {[%clk 0:02:59]} Qxe6
{[%clk 0:04:19]} 36. dxe6 {[%clk 0:03:06]} Rd1+ {[%clk 0:04:47]} 37. Qxd1
{[%clk 0:03:29]} Bxd1 {[%clk 0:05:14]} 38. Ne5 {[%clk 0:03:43]} Re8
{[%clk 0:03:40]} 39. e7 {[%clk 0:02:16]} Bg5 {[%clk 0:03:26]} 40. Nxg6
{[%clk 0:02:13]} Bh5 {[%clk 0:03:33]} 41. Ne5 {[%clk 0:01:28]} Rxe7
{[%clk 0:02:25]} 42. Rb8+ {[%clk 0:01:57]} Kg7 {[%clk 0:02:40]} 43. Nc6
{[%clk 0:01:46]} Rc7 {[%clk 0:02:49]} 44. Nb4 {[%clk 0:01:48]} Be3+
{[%clk 0:03:16]} 45. Kf1 {[%clk 0:02:09]} Rc1# {[%clk 0:03:42]} 0-1